| 000 | 00704nam a2200229Ia 4500 | ||
|---|---|---|---|
| 003 | OSt | ||
| 005 | 20230717141146.0 | ||
| 008 | 210716s1994 xx 000 0 und d | ||
| 020 | _a9780130970312 | ||
| 040 | _cAIMIT LIBRARY | ||
| 041 | _aeng | ||
| 082 |
_a338.973 _21 _bLINJ |
||
| 100 |
_aLindeen, James W. _9127373 |
||
| 245 |
_aGoverning america's economy / _cBy James W Lindeen. |
||
| 250 | _a1st ed. | ||
| 260 |
_aNew Jersey : _bPrentice Hall , _c1994. |
||
| 300 |
_axii,291p. ; _bPB _c22.5 cm. |
||
| 650 |
_aAn interdisciplinary perspective _9127374 |
||
| 650 |
_aHistorical overview _9127375 |
||
| 650 |
_aGovernmental institutions and processes _9127376 |
||
| 942 |
_2ddc _cBK _e1st _k338.973 LINJ |
||
| 999 |
_c198488 _d198488 |
||